Film par affiche sans titre ni acteur - 4 - Statistiques

Statistiques générales
  • Ce quiz a été pris 31 fois
  • Le résultat moyen est 4 sur 16
Statistiques - réponses
Par images Réponse % Correct
Le Labyrinthe de Pan
64%
Twisters
56%
Gravity
48%
Rocky
40%
Mister Babadook
32%
Prometheus
32%
Noé
28%
District 9
20%
Empire du soleil
20%
Godzilla
20%
daredevil
16%
Edwood
16%
USS Alabama
16%
Danse avec les loups
12%
Les Blues Brothers
8%
Planète Terreur
8%
Aucun quiz correspondant
Distribution des résultats
% des personnes avec chaque résultat
Percentile par nombre de réponses
Votre historique - résultats
Vous n’avez pas pris ce quiz